Welcome to the Holygrace Academy Library

Please use search bar below to get started

100% NCERT SOLUTIONS PHYSICS (Record no. 519)

MARC details
000 -LEADER
fixed length control field 00324nam a22001337a 4500
020 ## - INTERNATIONAL STANDARD BOOK NUMBER
ISBN 789382741688
082 ## - DEWEY DECIMAL CLASSIFICATION NUMBER
Classification number 530
Item number GUP/P
100 ## - MAIN ENTRY--AUTHOR NAME
Personal name ATUL GUPTA
245 ## - TITLE STATEMENT
Title 100% NCERT SOLUTIONS PHYSICS
Remainder of title CLASS XI
260 ## - PUBLICATION, DISTRIBUTION, ETC. (IMPRINT)
Place of publication DELHI
Name of publisher FULL MARKS PVT LTD
300 ## - PHYSICAL DESCRIPTION
Number of Pages 279
650 ## - SUBJECT ADDED ENTRY--TOPICAL TERM
Topical Term PHYSICS SOLUTIONS FOR CLASS XI
Geographic subdivision INDIA
942 ## - ADDED ENTRY ELEMENTS (KOHA)
Koha item type Books
Holdings
Withdrawn status Lost status Collection code Home library Current library Shelving location Date acquired Source of acquisition Cost, normal purchase price Full call number Accession Number Koha item type
    Reference Main Library Main Library   21/06/2014 purchase 120.00 530 GUP/P 08845 Books